1623 1013 1091 1538 1274 1070 1205 1798 1939 1076 1692 1357 1276 1419 1048 1091 1682 1993 1568 1907 1308 1168 1182 1094 1415 1917 1384 1559 1859 1654 1676 1578 1850 1130 1100 1261 1013 1923 1395 1316 1187 1918 1506 1231 1454 1273 1631 1487 1421 1900 1655 1931 1591 1865 1870 1797 1414 1628 1189 1285 1746 1773 1409 1858 1878 1351 1918 1200 1134 1495 1245 1061 1004 1579 1549 1838 1423 1671 1871 1663 1284 1279 1296 1711 1544 1435 1497 1448 1186 1695 1893 1029 1143 1148 1228 1762 1825 1715 1520 BCNSPRNW ULIB Ver.6.0+V

เปลี่ยนเป็นภาษาไทย

Change to English
 แสดงรายละเอียดบรรณานุกรม
  กลับหน้าหลัก

Brief Record : Get Marc (ISO 2709) : E-mail record : QR code < ปิดหน้าต่าง
LEADER : 00000nam 2200000uu 4500
001    13399128943
003     ULIB
008    020711s2022 th a 000 0 eng d
020    ^a9780323675291
060    ^aWY18.2^bJ62W
100    ^aJoAnn Zerwekh
245    ^aWomen s Health Nurse Practitioner and Midwifery Certification Review/^cJoAnn Zerwekh
250    ^a1st ed
260    ^aSt. Louis, Missouri :^bElsevier,^c2022
300    ^a211 pages;^c30 cm
650    ^aNurse Practitioner
650    ^aMidwifery Certification Review
945    ^p2932^l0^i011197
999    ^aประนอม เกษจรัล
รายการนี้ยังไม่มีแท็ก
คุณยังไม่ได้ล็อกอิน คุณสามารถมีกิจกรรมร่วมกับเว็บไซต์ได้ แต่ต้องล็อกอินก่อน ::
  ล็อกอิน

รายการสื่อสารสนเทศ

ลำดับที่ ประเภท เลขเรียก/บาร์โค้ด สถานที่ สถานะ
1. Book การพยาบาล
หนังสือสำรอง
สถานะ=หนังสือสำรอง
WY18.2 J62W ฉ.1 
  Barcode: 011197
ห้องสมุดวิทยาเขตสวรรค์ประชารักษ์
►หนังสือทั่วไป
บนชั้น

รายการใกล้เคียง
    ผู้แต่ง [JoAnn Zerwekh]

    หัวเรื่อง [Nurse Practitioner]

BibComment


ยังไม่เคยถูกคอมเมนท์

คอมเมนท์ทรัพยากรรายการนี้
  คอมเมนท์: Women s Health N..


 Copyright 2026. Bcnsprnw @Library